MARC

LEADER 00000nam0a2200000 4500
001 365919
005 20231102011830.0
035 |a (RuTPU)RU\TPU\retro\23282 
090 |a 365919 
100 |a 20220126d1938 k y0rusy50 ca 
101 0 |a rus 
102 |a RU 
105 |a a z 001zy 
200 1 |a Физико-химические периодические процессы  |f Ф. М. Шемякин, П. Ф. Михалев  |g Институт общей и неорганической химии им. Н. С. Курнакова АН СССР ; Коллоидо-электрохимический институт АН СССР 
210 |a Москва  |c Изд-во Академии наук СССР  |d 1938 
215 |a 151 с.  |c ил. 
320 |a Библиогр.: с. 152-173 
320 |a Алф. указ.: с. 174-177 
320 |a Предм. указ.: с. 178-183 
606 1 |a Химические реакции, периодические  |2 stltpush  |3 (RuTPU)RU\TPU\subj\80956  |9 88409 
610 1 |a физико-химические процессы 
610 1 |a периодические процессы 
610 1 |a периодичность 
610 1 |a химические процессы 
610 1 |a физические процессы 
610 1 |a кольца Лизеганга 
610 1 |a лучистые образования 
675 |a 544.31  |v 4 
700 1 |a Шемякин  |b Ф. М.  |g Федор Михайлович 
701 1 |a Михалев  |b П. Ф. 
712 0 2 |a Академия наук СССР  |b Институт общей и неорганической химии им. Н. С. Курнакова  |c (Москва)  |2 stltpush  |3 (RuTPU)RU\TPU\col\11794  |9 25249 
712 0 2 |a Академия наук СССР  |b Коллоидо-электрохимический институт  |c (Москва)  |c (1934-1945)  |2 stltpush  |3 (RuTPU)RU\TPU\col\18817  |9 27215 
801 1 |a RU  |b 63413507  |c 20220126 
801 2 |a RU  |b 63413507  |c 20230227  |g RCR 
942 |c BK